Power and Terror (urdu translation) (Record no. 320581)
[ view plain ]
| 000 -LEADER | |
|---|---|
| fixed length control field | 00249 a2200109 4500 |
| 001 - CONTROL NUMBER | |
| control field | 85508 |
| 082 ## - DEWEY DECIMAL CLASSIFICATION NUMBER | |
| Classification number | 327.1 CHO |
| 100 ## - MAIN ENTRY--PERSONAL NAME | |
| Personal name | Noam Chomsky |
| 245 ## - TITLE STATEMENT | |
| Title | Power and Terror (urdu translation) |
| 260 ## - PUBLICATION, DISTRIBUTION, ETC. | |
| Name of publisher, distributor, etc. | Vanguard |
| Place of publication, distribution, etc. | Lahore |
| Date of publication, distribution, etc. | 2004 |
| 300 ## - PHYSICAL DESCRIPTION | |
| Extent | 158 p. |
| 942 ## - ADDED ENTRY ELEMENTS (KOHA) | |
| Institution code [OBSOLETE] | NUST-CAE |
| Call number prefix | 327.1 CHO |
| Withdrawn status | Lost status | Damaged status | Not for loan | Collection code | Permanent Location | Current Location | Date acquired | Total Checkouts | Full call number | Barcode | Date last seen | Price effective from | Koha item type |
|---|---|---|---|---|---|---|---|---|---|---|---|---|---|
| College of Aeronautical Engineering (CAE) | College of Aeronautical Engineering (CAE) | 04/03/2017 | 327.1 CHO | CAEN-2779 | 04/05/2017 | 04/05/2017 | Book |
